| 000 | 00325nam a2200109Ia 4500 | ||
|---|---|---|---|
| 008 | 220204s9999 xx 000 0 und d | ||
| 082 |
_a331:693/694(540) _bREP |
||
| 245 | 0 | _aReport of the study group for the construction industry | |
| 260 |
_aDelhi _bNatl Commn on Labour _c1968 |
||
| 650 | _aConstruction industry | ||
| 942 | _cBK | ||
| 999 |
_c22021 _d22021 |
||